Normal view
MARC view
- MS-ESE Thesis
Entry Topical Term
001 - CONTROL NUMBER
- control field: 116606
003 - CONTROL NUMBER IDENTIFIER
- control field: NUST
005 - DATE AND TIME OF LATEST TRANSACTION
- control field: 20230912170013.0
008 - FIXED-LENGTH DATA ELEMENTS
- fixed length control field: 230912|| aca||aabn | a|a d
040 ## - CATALOGING SOURCE
- Original cataloging agency: NUST
- Transcribing agency: NUST
150 ## - HEADING--TOPICAL TERM
- Topical term or geographic name entry element: MS-ESE Thesis
670 ## - SOURCE DATA FOUND
- Source citation: Work cat.: (NUST): Kashan Ahmad (00000205207) 116605, Polymer gel Matrix based Quasi-solid electrolytes for stable dye-Sensitized Solar Cells (DSSCs) /, 2021
